|
|
|
|
| LEADER |
00000nbm0a2200000 4500 |
| 001 |
325948 |
| 005 |
20240314105335.0 |
| 035 |
|
|
|a (RuTPU)RU\TPU\book\351564
|
| 090 |
|
|
|a 325948
|
| 100 |
|
|
|a 20161215d1976 k y0rusy50 ca
|
| 101 |
0 |
|
|a rus
|
| 102 |
|
|
|a RU
|
| 105 |
|
|
|a a m 001zy
|
| 200 |
1 |
|
|a Применение полярографии с накоплением для физико-химического изучения никеля и определения его в веществах особой чистоты
|e диссертация на соискание ученой степени кандидата химических наук
|f И. В. Подкорытова
|g Томский политехнический институт (ТПИ) ; науч. рук. А. Г. Стромберг
|
| 210 |
|
|
|a Томск
|c [Б. и.]
|d 1976
|
| 215 |
|
|
|a 169 л.
|c ил.
|
| 320 |
|
|
|a Библиогр.: с. 132-144 (188 назв.)
|
| 606 |
1 |
|
|a Никель
|x Химия
|2 stltpush
|3 (RuTPU)RU\TPU\subj\75226
|9 87086
|
| 610 |
1 |
|
|a амальгамы никеля
|
| 610 |
1 |
|
|a физико-химическое изучение
|
| 610 |
1 |
|
|a полярография
|
| 610 |
1 |
|
|a методы
|
| 610 |
1 |
|
|a применение
|
| 610 |
1 |
|
|a катодная пассивация
|
| 610 |
1 |
|
|a графитовые электроды
|
| 610 |
1 |
|
|a особо чистые вещества
|
| 610 |
1 |
|
|a металлы
|
| 610 |
1 |
|
|a определение
|
| 610 |
1 |
|
|a амальгамно-полярографические методики
|
| 610 |
1 |
|
|a диссертации
|
| 610 |
1 |
|
|a труды учёных ТПУ
|
| 675 |
|
|
|a 546.74(04)
|v 4
|
| 700 |
|
1 |
|a Подкорытова
|b И. В.
|
| 702 |
|
1 |
|a Стромберг
|b А. Г.
|c химик, специалист в области классической полярографии и инверсионной вольтамперометрии
|c профессор Томского политехнического института
|f 1910-2004
|g Армин Генрихович
|3 (RuTPU)RU\TPU\pers\11188
|4 727
|9 2478
|
| 712 |
0 |
2 |
|a Томский политехнический институт
|c (1944-1991)
|3 (RuTPU)RU\TPU\col\1123
|9 23521
|
| 801 |
|
1 |
|a RU
|b 63413507
|c 20161215
|
| 801 |
|
2 |
|a RU
|b 63413507
|c 20181204
|g RCR
|
| 942 |
|
|
|c BK
|